000 00583nam a2200193Ia 4500
005 20250508165931.0
008 008 250505s9999 xx 000 0 eng d
037 _aTextual
040 _aFEDL
_beng
_cFEDL
041 _aeng
_2eng
084 _a155.2, COL
_qFEDL
100 _aColeman John C
_916704
245 0 _aRelationships in adolescence
260 _aLondon, UK
_bRoutledge and Kegan Paul
_c1974
300 _ax, 214p.
546 _aGifted by HOD Namita Ranganathan in memory of Prof. Arvind Gaysu
942 _cTEXL
_h155.2, COL
999 _c1398273
_d1398273